00666nam a2200181 i 450000100060000000300090000600500170001500700030003200800410003510000300007624501210010626000360022730000220026370000280028585200320031399900170034595201220036299457ES-MaACL20230906182512.0t|050908s1972 sp ||||1| spa d1 aMartinet, André.97770413aLa lingüística b: guía alfabética / cbajo la dirección de André Martinet; traducción Carlos Manzano. aBarcelona : bAnagrama, c1972. a484 p. ; c23 cm.1 aManzano, Carlos.976216 aES-MaACLjC-51892 bR.85484 c99457d99457 00104070aATENEOMbATENEOMcDEPO2d2008-01-17eSCl0oC-51892p1103850r2023-02-23 00:00:00w2023-02-23yMONOGRAFIA